000 00593nam a2200181 i 4500
001 24842
003 ES-MaACL
007 t|
008 021219s1975 sp ||||1| spa d
245 0 0 _aAntología de la poesía malagueña contemporánea
_b: primera selección de poetas /
_cFrancisco Peralto.
260 _aMálaga :
_b[s.n.,
_c1975] (
_fImp. M. López)
300 _a336 p. :
_bgrab. retr. aut. ;
_c23 cm.
490 1 _aPeñaverde ;
_v4
700 1 _aPeralto, Francisco.
_990394
830 0 _aPeñaverde ;
_v4
_9229106
852 _aES-MaACL
_jE-9001
_bR.93476
999 _c24842
_d24842